Normal view
MARC view
- Martini Mia
Entry Personal Name
001 - CONTROL NUMBER
- control field: 5228
003 - CONTROL NUMBER IDENTIFIER
- control field: IT-RoPau
005 - DATE AND TIME OF LATEST TRANSACTION
- control field: 20131214164322.0
008 - FIXED-LENGTH DATA ELEMENTS
- fixed length control field: 131214|| aca||aabn | a|a d
040 ## - CATALOGING SOURCE
- Original cataloging agency: IT-RoPau
- Transcribing agency: IT-RoPau
100 ## - HEADING--PERSONAL NAME
- Personal name: Martini Mia
- Miscellaneous information: Codice autore testo/musica e inteprete SPICS: 11009
- Relator term: Autore testo/musica e inteprete
- Name of part/section of a work: E non finisce mica il cielo
670 ## - SOURCE DATA FOUND
- Source citation: Work cat.: (IT-RoPau)99115: AA.VV. 794, Festival di Sanremo 1982-Serata finale